000 00275 a2200121 4500
001 146512
040 _cEscola São Tomás de Aquino
100 _aROCHA, Ruth
240 1 0 _aFaz muito tempo
_lpor
245 1 0 _aFaz muito tempo
697 _a*LITERATURA INFANTO
942 _cBK
999 _c146512
_d146512